Wood decay assessment on lignicolous fungi (Record no. 47901)

MARC details
000 -LEADER
fixed length control field 00331nam a2200121Ia 4500
100 ## - MAIN ENTRY--AUTHOR NAME
Personal name Salmiah U
245 #0 - TITLE STATEMENT
Title Wood decay assessment on lignicolous fungi
260 ## - PUBLICATION, DISTRIBUTION, ETC. (IMPRINT)
Name of publisher Journal of Tropical Forest Products
Year of publication 2001
300 ## - PHYSICAL DESCRIPTION
Number of Pages 74-81
500 ## - GENERAL NOTE
General note CAB CD 2002/08-2003/10
942 ## - ADDED ENTRY ELEMENTS (KOHA)
Koha item type Bibliography RLWO
Holdings
Withdrawn status Lost status Damaged status Not for loan Home library Current library Date acquired Serial Enumeration / chronology Koha item type
      Bibliography RRII Library RRII Library 31/12/2021 Volume 7, Issue 1 Bibliography RLWO